Fluid Dynamic / (Record no. 8900)
[ view plain ]
| 000 -LEADER | |
|---|---|
| fixed length control field | 00645nam a2200253 i 4500 |
| 001 - CONTROL NUMBER | |
| JCCL Control Number | 8900 |
| 003 - CONTROL NUMBER IDENTIFIER | |
| JCCL marc code | MCM |
| 005 - DATE AND TIME OF LATEST TRANSACTION | |
| control field | 20181016134016.0 |
| 008 - FIXED-LENGTH DATA ELEMENTS--GENERAL INFORMATION | |
| fixed length control field | 780831s2000 nyua b 001 0 eng |
| 020 ## - INTERNATIONAL STANDARD BOOK NUMBER | |
| International Standard Book Number | 8185842922 |
| 035 ## - SYSTEM CONTROL NUMBER | |
| system control number | (BD-JCCh)-8900 |
| 040 ## - CATALOGING SOURCE | |
| Original cataloging agency | DLC |
| Transcribing agency | DLC |
| Modifying agency | m.c. |
| -- | MYG |
| 041 ## - LANGUAGE CODE | |
| Language code of Book | eng |
| 082 ## - DEWEY DECIMAL CLASSIFICATION NUMBER | |
| Classification number | 532.05 |
| Author mark and Year | SWA 2000 |
| 090 ## - LOCALLY ASSIGNED LC-TYPE CALL NUMBER (OCLC); LOCAL CALL NUMBER (OCLC) | |
| Classification number (OCLC) (R) ; Classification number, CALL (RLIN) (NR) | QC21 |
| Local cutter number (OCLC) ; Book number/undivided call number, CALL (RLIN) | .H188 1966 |
| 099 ## - LOCAL FREE-TEXT CALL NUMBER | |
| Classification number | QC21.H188 1966 |
| 100 1# - MAIN ENTRY--PERSONAL NAME | |
| Personal name | Swarup, Shanti |
| 245 10 - TITLE STATEMENT | |
| Title | Fluid Dynamic / |
| Remainder of title | Shanti Swarup |
| 260 ## - PUBLICATION, DISTRIBUTION, ETC. (IMPRINT) | |
| Place of publication, distribution, etc | New York : |
| Name of publisher, distributor, etc | Wiley, |
| Date of publication, distribution, etc | 2000. |
| 300 ## - PHYSICAL DESCRIPTION | |
| Pagination | 712 p. : |
| Dimensions | 22 cm. |
| 650 #0 - SUBJECT ADDED ENTRY--TOPICAL TERM | |
| Topical term or geographic name as entry element | Fluid dynamic |
| 942 ## - ADDED ENTRY ELEMENTS (KOHA) | |
| Source of classification or shelving scheme | Dewey Decimal Classification |
| Koha item type | Books |
| Koha issues (borrowed), all copies | 1 |
| Source of classification or shelving scheme | Damaged status | Not for loan | Home library | Current library | Shelving location | Total Checkouts | Full call number | Barcode | Date last seen | Date checked out | Copy number | Koha item type |
|---|---|---|---|---|---|---|---|---|---|---|---|---|
| Dewey Decimal Classification | JCC Rouf Library | JCC Rouf Library | General Stacks | 1 | 532.05 SWA 2000 | 11780 | 03/20/2022 | 10/16/2018 | C - 1 | Books |